Khi phép lạ trở thành hiện thực

Sách cung cấp nhữn thông tin về các thành tựu khoa học đã đạt được trên các lĩnh vực Khoa học, Y tế, Kỹ thuật, điện tử....

保存先:
書誌詳細
フォーマット: 図書
言語:Undetermined
出版事項: Hà Nội Thanh Niên 1999
主題:
タグ: タグ追加
タグなし, このレコードへの初めてのタグを付けませんか!
Thư viện lưu trữ: Trung tâm Học liệu Trường Đại học Cần Thơ
LEADER 00695nam a2200193Ia 4500
001 CTU_40012
008 210402s9999 xx 000 0 und d
020 |c 90000 
082 |a 500 
082 |b Kh300 
245 0 |a Khi phép lạ trở thành hiện thực 
245 0 |c Nhiều tác giả 
260 |a Hà Nội 
260 |b Thanh Niên 
260 |c 1999 
520 |a Sách cung cấp nhữn thông tin về các thành tựu khoa học đã đạt được trên các lĩnh vực Khoa học, Y tế, Kỹ thuật, điện tử.... 
650 |a Knowledge,Science 
904 |i Minh 
980 |a Trung tâm Học liệu Trường Đại học Cần Thơ